000 00412nam a2200157 4500
001 140071
003 ES-MaACL
005 20230906200010.0
007 t|
008 070214s1914 gw r ||||1| ger d
100 1 _aSchrijver, J.
_9104709
245 1 0 _aDas Ulcus duodeni /
_cJ. Schrijver.
260 _aBerlin :
_bS. Karger,
_c1914.
300 _aVI, 184 p., 11 lám. ;
_c25 cm.
852 _aES-MaACL
_jB-12105
999 _c140071
_d140071